BIBLIOTECA “JULIO CORTÁZAR”
ESCUELA AGROTÉCNICA “LIBERTADOR GENERAL SAN MARTÍN” - UNR – CASILDA

Logo Escuela Logo UNR

Historia 3 : (Record no. 145)

MARC details
000 -LEADER
campo de control de longitud fija 01026nam#a22003135ar4500
001 - NÚMERO DE CONTROL
campo de control 145
008 - DATOS DE LONGITUD FIJA--INFORMACIÓN GENERAL
campo de control de longitud fija 060216s1981####ag#abo#d|b###|||1#||spa|d
020 ## - NÚMERO INTERNACIONAL ESTÁNDAR DEL LIBRO
Número Internacional Estándar del Libro 9501325520
080 ## - NÚMERO DE LA CLASIFICACIÓN DECIMAL UNIVERSAL
Número de la Clasificación Decimal Universal 94(82)
084 ## - OTRO NÚMERO DE CLASIFICACIÓN
Número de clasificación D29
040 ## - FUENTE DE CATALOGACIÓN
Centro catalogador/agencia de origen AR-ClEAG
Centro/agencia transcriptor AR-ClEAG
005 - FECHA Y HORA DE LA ÚLTIMA TRANSACCIÓN
campo de control 20241107184626.0
003 - IDENTIFICADOR DE NÚMERO DE CONTROL
campo de control AR-ClEAG
100 1# - ENTRADA PRINCIPAL--NOMBRE DE PERSONA
Nombre de persona De Miretzky, María L. N.
245 10 - MENCIÓN DEL TÍTULO
Título Historia 3 :
Resto del título La organización y derecho de la nación Argentina y el mundo contemporáneo /
Mención de responsabilidad, etc. María L. N. De Miretzk, Susana N. Royo, Elvira M. L. Salluzzi.
250 ## - MENCION DE EDICION
Mención de edición 1ª ed.
260 ## - PUBLICACIÓN, DISTRIBUCIÓN, ETC.
Lugar de publicación, distribución, etc. Bs. As. :
Nombre del editor, distribuidor, etc. Kapelusz,
Fecha de publicación, distribución, etc. 1981.
300 ## - DESCRIPCIÓN FÍSICA
Extensión 342 p. :
Otras características físicas fot., map., cuad. ;
Dimensiones 16 cm.
521 ## - NOTA DE PÚBLICO DESTINATARIO
Nota de público destinatario Para 3º año del ciclo 9 básico de las escuelas de comercio y de Educ. Técnica
653 ## - TÉRMINO DE INDIZACIÓN--NO CONTROLADO
Término no controlado Romanticismo
653 ## - TÉRMINO DE INDIZACIÓN--NO CONTROLADO
Término no controlado Juan Manuel de Rosas
653 ## - TÉRMINO DE INDIZACIÓN--NO CONTROLADO
Término no controlado Organización constitucional
653 ## - TÉRMINO DE INDIZACIÓN--NO CONTROLADO
Término no controlado Bartolomé Mitre
653 ## - TÉRMINO DE INDIZACIÓN--NO CONTROLADO
Término no controlado Domingo Faustino Sarmiento
653 ## - TÉRMINO DE INDIZACIÓN--NO CONTROLADO
Término no controlado Segunda Guerra mundial
700 1# - ENTRADA AGREGADA--NOMBRE PERSONAL
Nombre de persona Royo, Susana N.
700 1# - ENTRADA AGREGADA--NOMBRE PERSONAL
Nombre de persona Salluzzi, Elvira M.L.
942 ## - ELEMENTOS DE ENTRADA SECUNDARIOS (KOHA)
Tipo de ítem Koha Libros
980 ## - EQUIVALENCIA O REFERENCIA-CRUZADA-MENCIÓN DE SERIE--NOMBRE DE PERSONA/TÍTULO [LOCAL, CANADÁ]
Enlace 2
Nombre de persona Evangelina Gallicchio
Enlace entre campo y número de secuencia 2
Información miscelánea Evangelina Gallicchio
Holdings
Estatus retirado Estado de pérdida Fuente del sistema de clasificación o colocación Estado de daño No para préstamo Biblioteca de origen Biblioteca actual Ubicación en estantería Fecha de adquisición Número de inventario Total de préstamos Signatura topográfica completa Código de barras Visto por última vez Precio de reemplazo Tipo de ítem Koha
    Clasificación decimal universal     Julio Cortázar Julio Cortázar   07/11/2024 432   R07 94(82) D29 3 1 432 07/11/2024 07/11/2024 Libros

Contacto

Biblioteca Julio Cortázar. Escuela Agrotécnica "Libertador San Martín". Universidad Nacional de Rosario
Dirección: Ov. Lagos 1000 - 2170 Casilda - Santa Fe - Argentina
Tel: (54) (03464) 422226.
Fax: (54) (03464) 427789.
E-Mail: biblio-eac@unr.edu.ar